000 00257nam a22001097a 4500
008 160421b xxu||||| |||| 00| 0 eng d
020 _a999607684907
041 _aeng
080 _a618.2
245 _aFundamentals of nursing:
_cPotter Perry;
942 _2udc
_cBK
999 _c1502
_d1502